000 00845nam a22002657a 4500
001 000719
003 DO-SdBPM
005 20250701140049.0
007 000719
008 161121b2004 sp a ||||| |||| 00| 0 spa d
020 _a8467208929
040 _aDO-SdBPM
_bspa
_cBPMSU
082 4 _a372.4
_bB556a 2004
_222
100 1 _aBesora, Ramón
245 1 0 _aAprende el abecedario con el ratoncillo sabio /
_cRamon Besora ; ilustraciones de Francesc Rovira.
260 _aBarcelona :
_bCírculo de Lectores,
_c2004.
300 _a[27] p. :
_bil. ;
_c26 cm.
590 _aInventariado, 2025/VM
650 4 _aEducación preescolar
650 4 _aLectura recreativa
_vEnseñanza
650 4 _aLibros y lecturas para niños
700 1 _aRovira, Francesc,
_eil.
910 _aLOPEREZ/VMateo V. Control de calidad. BPMSU
942 _2ddc
_cBK
999 _c12010
_d12010